01070 2200361 4500001002100000005001500021035002000036007000300056020002200059040001700081082001700098084001900115100003800134245012800172250003400300300003000334650002000364504003400384600001900418264004100437336001500478337001300493338001500506008004100521090002300562090002100585850001200606041000800618710001900626999002100645990002100666990002100687INLIS00000000003556820190702104303 a0010-0518000011ta a978-602-224-874-8 aYOPDYOGbind04223a899.2213 a899.2213 MOC k0 aMOCH. TAUFIK HIDAYATULLAH,d1998-1 aKerudung di titik api :bketika kerudung tak sebatas taat syariah /cMoch. Taufik Hidayatullah ; penyunting, Marhalim Zaini aCetakan pertama, Januari 2018 axvi, 510 halaman ;c23 cm 4aFiksi Indonesia aBibliografi : halaman 507-508 aMarhalim Zaini3 aYogyakarta :bPustaka Pelajar,c2018 2rdacontent 2rdamedia 2rdacarrier180517s ind  aDEP 899.2213 MOC k aCB-D.11 2018-169 aYOPDYOG0 aind0 aMarhalim Zaini aCB-D.11/2018-169 aCB-D.11/2018-169 aCB-D.11/2018-169